The Wiley dictionary of civil engineering and construction / (Record no. 542018)

000 -LEADER
fixed length control field 00982cam a2200253 a 4500
020 ## - INTERNATIONAL STANDARD BOOK NUMBER
International Standard Book Number 0471181153 (pbk. : alk. paper)
082 00 - DEWEY DECIMAL CLASSIFICATION NUMBER
Classification number 624.03
Author Mark WEB
-- N-01,P-89
100 1# - MAIN ENTRY--PERSONAL NAME
Personal name Webster, L. F.
9 (RLIN) 37099
245 14 - TITLE STATEMENT
Title The Wiley dictionary of civil engineering and construction /
Statement of responsibility, etc. compiled and edited by L.F. Webster.
260 ## - PUBLICATION, DISTRIBUTION, ETC.
Place of publication, distribution, etc. New York :
Name of publisher, distributor, etc. Wiley,
Date of publication, distribution, etc. c1997.
300 ## - PHYSICAL DESCRIPTION
Extent xi, 666 p. ;
Dimensions 25 cm.
500 ## - GENERAL NOTE
General note "A Wiley-Interscience publication."
500 ## - GENERAL NOTE
General note Includes index.
526 ## - STUDY PROGRAM INFORMATION NOTE
Program name 0
Interest level 0
Reading level 0
Title point value 624_030000000000000_WEB
650 #0 - SUBJECT ADDED ENTRY--TOPICAL TERM
Topical term or geographic name entry element Civil engineering
General subdivision Dictionaries.
9 (RLIN) 36852
650 #0 - SUBJECT ADDED ENTRY--TOPICAL TERM
Topical term or geographic name entry element Construction equipment
General subdivision Dictionaries.
9 (RLIN) 37100
650 #0 - SUBJECT ADDED ENTRY--TOPICAL TERM
Topical term or geographic name entry element Forests and forestry
General subdivision Dictionaries.
9 (RLIN) 37101
650 #0 - SUBJECT ADDED ENTRY--TOPICAL TERM
Topical term or geographic name entry element NUST
9 (RLIN) 6342
650 #0 - SUBJECT ADDED ENTRY--TOPICAL TERM
Topical term or geographic name entry element Strip mining
General subdivision Dictionaries.
9 (RLIN) 37102
650 #0 - SUBJECT ADDED ENTRY--TOPICAL TERM
Topical term or geographic name entry element Surveying
General subdivision Dictionaries.
9 (RLIN) 37103
856 42 - ELECTRONIC LOCATION AND ACCESS
Uniform Resource Identifier <a href="http://www.loc.gov/catdir/bios/wiley042/97001237.html">http://www.loc.gov/catdir/bios/wiley042/97001237.html</a>
856 42 - ELECTRONIC LOCATION AND ACCESS
Uniform Resource Identifier <a href="http://www.loc.gov/catdir/description/wiley033/97001237.html">http://www.loc.gov/catdir/description/wiley033/97001237.html</a>
942 ## - ADDED ENTRY ELEMENTS (KOHA)
Source of classification or shelving scheme
Koha item type Book
Holdings
Withdrawn status Lost status Source of classification or shelving scheme Damaged status Not for loan Permanent Location Current Location Date acquired Total Checkouts Full call number Barcode Date last seen Price effective from Koha item type
          Military College of Engineering (MCE) Military College of Engineering (MCE) 09/17/2013   624.03 WEB MCE-36613 09/17/2013 09/17/2013 Book
© 2023 Central Library, National University of Sciences and Technology. All Rights Reserved.